| 000 | 00520nam a2200169 a 4500 | ||
|---|---|---|---|
| 005 | 20140310183255.0 | ||
| 008 | 041023s19uu xx 00 eng d | ||
| 020 | _a0333749944 | ||
| 050 |
_aRT 85 _b.Et84 2003 |
||
| 245 |
_aEthics in nursing education,research, and management: _bperspectives from Europe. / _cWin Tadd- editor |
||
| 260 |
_aNew York : _bPalgrave Macmillan, _c2003. |
||
| 300 |
_a219 p. : _c21 cm. |
||
| 650 | _aNursing ethics. | ||
| 650 | _aEthics, Nursing. | ||
| 942 |
_cBK _2lcc _kFOR |
||
| 999 |
_c20843 _d20843 |
||